Изповед без причастие (Запис номер 177002)
[ съкратено ]
| 000 -Лидер | |
|---|---|
| Контролно поле с фиксирана дължина | 01837nam a2200421 c 4500 |
| 003 - Код на организацията, давaща контролен номер | |
| Контролно поле | BLK |
| 005 - Дата и час на последна редакция | |
| Контролно поле | 20241209103105.0 |
| 008 - Елементи от данни с фиксирана дължина | |
| fixed length control field | 180411b bul|||||r ||||||| ||bul|| |
| 020 ## - Международен стандартен номер на книга ISBN | |
| Международен стандартен номер на книга ISBN | 978-619-7086-16-4 |
| 040 ## - Източник на каталожния запис | |
| Идентификатор на билиотеката - собственик на записа | BLK |
| 041 ## - Код за език | |
| Код за езика на текст/звукозапис или на отделно заглавие | Български |
| Код за езика КДБФ | Български |
| 080 ## - УДК | |
| Текстов определител УДК | Българска литература |
| УДК код - определител по УДК | 821.163.2 |
| УДК определител | -94 |
| УДК - код + определител | 821.163.2-94 |
| 080 ## - УДК | |
| Текстов определител УДК | Актьори, театрални |
| УДК код - определител по УДК | 792.071.2 |
| УДК определител | (497.2)(092)(093.3) |
| УДК - код + определител | 792.071.2(497.2)(092)(093.3) |
| 080 ## - УДК | |
| Текстов определител УДК | Киноактьори |
| УДК код - определител по УДК | 791.44.071.2 |
| УДК определител | (497.2)(092)(093.3) |
| УДК - код + определител | 791.44.071.2(497.2)(092)(093.3) |
| 080 ## - УДК | |
| Текстов определител УДК | Български театрален- и кино артист (1936-2015) |
| УДК код - определител по УДК | 929 Попов, Васил Николов |
| УДК - код + определител | 929 Попов, Васил Николов |
| 100 1# - Редна дума - Автор | |
| Автор | Попов, Васил Николов |
| Авторска отговорност | първи автор |
| R(LIN) | 340863 |
| 139 ## - Редно поле | |
| Редна дума | Попов, Васил Николов |
| Авторски знак | Попов - П 76 |
| 245 10 - Сведения за заглавието | |
| Заглавие | Изповед без причастие |
| Редно поле (дума) | Васил Николов Попов. |
| 257 ## - Страна на издаване | |
| Страна на създаване/издаване | България |
| 260 ## - Област на издателските данни | |
| Име на издателя, разпространителя и проч. | Синева |
| Година на издаване | 2015 |
| Място на издаване, разпространение и проч. | София |
| 300 ## - Физическа характеристика | |
| Страници | 176 с. |
| Илюстрации и др. | със сн. |
| Размери/Мащаб | 22 см |
| 380 ## - Жанр | |
| Жанр | Худож. лит. |
| 500 ## - Общи забележки | |
| Забележка | Съдържа и Роли в Сатиричния театър (1960 - 2007). Деп. 47/2020. |
| 600 #0 - Име на лице, използвано като предмет | |
| За него / За нея | Попов, Васил Николов |
| Свързани дати | 1934-2015 |
| 9 (RLIN) | 383400 |
| 650 #4 - Допълнително описание по предмет – тема | |
| Основно описание – тема или топоним | Актьори, български - биографии |
| 9 (RLIN) | 241623 |
| 650 #4 - Допълнително описание по предмет – тема | |
| Основно описание – тема или топоним | Попов, Васил Николов |
| 9 (RLIN) | 383400 |
| 651 #4 - Допълнително описание по предмет - топоним | |
| Географско понятие | България |
| 9 (RLIN) | 241624 |
| 653 ## - Ключова дума – ненормативна | |
| Ключова дума | мемоари |
| 653 ## - Ключова дума – ненормативна | |
| Ключова дума | спомени |
| 653 ## - Ключова дума – ненормативна | |
| Ключова дума | български артисти |
| 659 ## - Тематичен бюлетин | |
| Тематичен бюлетин | Н |
| 852 ## - Местоположение | |
| Форматна сигнатура | Цб 306436 |
| Фондова буква | Хранилище |
| 856 4# - Електронен адрес и достъп | |
| Електронен формат | pdf - файл |
| 856 4# - Електронен адрес и достъп | |
| Електронен формат | pdf - файл |
| 999 ## - СИСТЕМНИ КОНТРОЛНИ НОМЕРА | |
| Koha biblionumber | 177002 |
| Koha biblioitemnumber | 177002 |
| 942 ## - АРТИКУЛИ | |
| Вид на библиотечния материал | Книги |
| Скрит в OPAC | Не |
| Koha issues (borrowed), all copies | 8 |
| Периодичен библиозапис | Да |
| 944 ## - СЪЗДАВАНЕ И РЕДАКЦИЯ на ЗАПИСА | |
| Създаване/Редакция | Създаване |
| Дата на регистрацията/редакция | 16.12.2015 |
| Статус, дата на статуса | Севдалина Тодорова |
| Служител, извършил регистрацията/редакцията | 30540 |
| 944 ## - СЪЗДАВАНЕ И РЕДАКЦИЯ на ЗАПИСА | |
| Създаване/Редакция | Редакция |
| Дата на регистрацията/редакция | 07.01.2016 |
| Статус, дата на статуса | ф / |
| Служител, извършил регистрацията/редакцията | Людмила_Стоянова |
| Код за отписване | Код за изгубен артикул | Код за повреда | Коз за рестрикции | Код за отдаване | Артикулен № | Име на библиотеката - собственик | Име на библиотеката, в която се намира в момента | Статус (Текущо местоположение) | Дата на вписване в системата | Местоположение - отдел | Цена в лева | Инвентарен номер | Систематично азбучна сигнатура | Баркод | Номер на екземпляра | Цена в евро | Служебна бележка | Служебен тип на артикула | Източник на класификационната схема |
|---|---|---|---|---|---|---|---|---|---|---|---|---|---|---|---|---|---|---|---|
| Не е изгубен | Не е повреден | без рестрикции | заемане за дома | 304425 | Регионална библиотека "Любен Каравелов" Русе | Регионална библиотека "Любен Каравелов" Русе | Заемна - подръчен фонд | 2015-12-18 | Заемна - подръчен фонд | 14.00 | 120000795913 | П 886.7-9/П 76 | 120000795913 | 1 | 7.16 | Дост: Pk Вид: Ф N: 448 Дата: 14.12.2015 Дата инв: 12.02.2018 Бележки инв: П2018 | Книги | ||
| Не е изгубен | Не е повреден | без рестрикции | заемане за дома | 304426 | Регионална библиотека "Любен Каравелов" Русе | Регионална библиотека "Любен Каравелов" Русе | Заемна - подръчен фонд | 2015-12-18 | Заемна - подръчен фонд | 14.00 | 120000795914 | П 886.7-9/П 76 | 120000795914 | 2 | 7.16 | Дост: Pk Вид: Ф N: 448 Дата: 14.12.2015 Дата инв: 12.02.2018 Бележки инв: П2018 | Книги | ||
| Не е изгубен | Не е повреден | само за читалня | ползва се в читалня | 814407 | Регионална библиотека "Любен Каравелов" Русе | Регионална библиотека "Любен Каравелов" Русе | Хранилище | 2021-03-04 | Хранилище | 14.00 | Цб 306436 | 120000851642 | 7.16 | Книги | Universal Decimal Classification |